000 00592nam a2200193 i 4500
001 28633
003 ES-MaACL
005 20250720013019.0
007 t|
008 030117s1965 sp ||||1| spa d
100 1 _aBalinsky, B. Y.
_924941
245 1 0 _aIntroducción a la embriología /
_cB. Y. Balinsky ; traducción por Antonio Prevosti.
260 _aBarcelona :
_bOmega,
_c[1965]
300 _a631 p. :
_bil. ;
_c23 cm.
650 7 _aEmbriología
_2embne
_9135971
700 1 _aPrevosti, Antonio.
_993823
852 _aES-MaACL
_jC-28028
_bR.57375
999 _c28633
_d28633